Les champions actuels de l'UFC - Statistiques

Statistiques générales
  • Ce quiz a été pris 1 895 fois
    10 depuis la dernière actualisation
  • Le résultat moyen est 7 sur 11
Statistiques - réponses
Sexe Catégorie Nationalité Combattant % Correct
Welterweight Russie Islam Makhachev
100%
Heavyweight Angleterre Tom Aspinall
100%
Featherweight Australie Alexander Volkanovski
90%
Lightweight Espagne Ilia Topuria
90%
Bantamweight Russie Petr Yan
90%
Middleweight États-Unis Sean Strickland
90%
Masculin Flyweight Birmanie Joshua Van
80%
Light Heavyweight Australie Carlos Ulberg
30%
Bantamweight Brésil Mackenzie Dern
20%
Féminin Strawweight États-Unis Kayla Harrison
10%
Flyweight Kirghizistan Valentina Chevtchenko
10%
Aucun quiz correspondant
Distribution des résultats
% des personnes avec chaque résultat
Percentile par nombre de réponses
Votre historique - résultats
Vous n’avez pas pris ce quiz depuis la dernière actualisation